000
00237nam a22001097a 4500
082
_a
823
_b
BLY/M
100
_a
BLYTON, ENID
245
_a
THE MYSTERY OF THE MISSING NECKLACE
260
_a
UK
_b
HODDER
650
_a
ENGLISH STORY
942
_c
BK
999
_c
9026
_d
9026